000 00571nam a2200169Ia 4500
001 6526
008 260427s9999 xx 000 0 und d
020 _a9780873362122
245 0 _aI Kahakai = At the Kahakai: A bilingual Hawaiian story/
_c by Ka'ohua Lucas (Author), Boots Lupenui (Illustrator)
260 _aHonolulu;
_bKamehameha Publishing;
_c2010
300 _a28p;
_c18x13cm
490 _aKamaiki Series;
_vBook 4
650 _aIndigenous societies
_99260
650 _aPZ(1)-90 Fiction and juvenile belles lettres
_99352
651 _aHawaii
_92928
942 _cBK
999 _c6526
_d6526